|
|
|
|
| LEADER |
00785nam a22002171a 4500 |
| 001 |
000721438 |
| 003 |
CZ BrMZK |
| 005 |
20120418110326.0 |
| 007 |
ta |
| 008 |
040614s1830 xr e ger |
| 040 |
|
|
|a BOA001
|b cze
|c BOA001
|
| 100 |
1 |
|
|a Müller, Johann,
|d činný 19. století
|7 jx20071010018
|4 aut
|
| 245 |
1 |
0 |
|a Moralische Erzählungen, Legenden und fromme Sagen :
|b für die Jugend /
|c von Johann Müller
|
| 260 |
|
|
|a Znaim :
|b M. Hofmann,
|c 1830
|
| 300 |
|
|
|a 111 s.
|
| 500 |
|
|
|a Dostupné též v digitalizované podobě na: http://kramerius.mzk.cz
|
| 856 |
4 |
1 |
|u http://www.digitalniknihovna.cz/mzk/uuid/uuid:be85187e-9e0a-11e0-a742-0050569d679d
|y Digitalizovaný dokument
|
| 910 |
|
|
|a BOA001
|b 1-0005.800
|k r
|
| 964 |
|
|
|a Moravika - stol. 19.
|
| 990 |
|
|
|a BK
|
| 991 |
|
|
|p NDK 2011/118
|